<?xml version="1.0" encoding="UTF-8"?>
<record
    xmlns:xsi="http://www.w3.org/2001/XMLSchema-instance"
    xsi:schemaLocation="http://www.loc.gov/MARC21/slim http://www.loc.gov/standards/marcxml/schema/MARC21slim.xsd"
    xmlns="http://www.loc.gov/MARC21/slim">

  <leader>01152nam a2200217   4500</leader>
  <datafield tag="952" ind1=" " ind2=" ">
    <subfield code="0">0</subfield>
    <subfield code="1">0</subfield>
    <subfield code="4">0</subfield>
    <subfield code="7">0</subfield>
    <subfield code="a">09</subfield>
    <subfield code="b">09</subfield>
    <subfield code="d">2017-08-03</subfield>
    <subfield code="l">0</subfield>
    <subfield code="o">K3943 G65</subfield>
    <subfield code="p">09 004752</subfield>
    <subfield code="r">2017-08-03</subfield>
    <subfield code="t">1</subfield>
    <subfield code="w">2017-08-03</subfield>
    <subfield code="y">LB</subfield>
  </datafield>
  <datafield tag="999" ind1=" " ind2=" ">
    <subfield code="c">102396</subfield>
    <subfield code="d">102396</subfield>
  </datafield>
  <controlfield tag="005">20231102152038.0</controlfield>
  <controlfield tag="008">170803s2015    m  ||||| |||| 00| 0 spa d</controlfield>
  <datafield tag="020" ind1=" " ind2=" ">
    <subfield code="a">9786070921551</subfield>
  </datafield>
  <datafield tag="050" ind1=" " ind2=" ">
    <subfield code="a">K3943</subfield>
    <subfield code="b">G65</subfield>
  </datafield>
  <datafield tag="100" ind1="1" ind2=" ">
    <subfield code="a">Gonz&#xE1;lez Rivera, Tatiana Vanessa</subfield>
    <subfield code="e">autor</subfield>
  </datafield>
  <datafield tag="245" ind1=" " ind2=" ">
    <subfield code="a">La codificaci&#xF3;n del derecho mercantil internacional</subfield>
    <subfield code="c">/ Tatiana Vanessa Gonz&#xE1;lez Rivera, Victor Manuel Castrill&#xF3;n y Luna</subfield>
  </datafield>
  <datafield tag="260" ind1=" " ind2=" ">
    <subfield code="a">M&#xE9;xico</subfield>
    <subfield code="b">: Porr&#xFA;a</subfield>
    <subfield code="c">, 2015</subfield>
  </datafield>
  <datafield tag="300" ind1=" " ind2=" ">
    <subfield code="a">xxi, 336 p&#xE1;ginas</subfield>
  </datafield>
  <datafield tag="504" ind1=" " ind2=" ">
    <subfield code="a">Fuentes consultadas : Bibliograf&#xED;a (pp.317-336)</subfield>
  </datafield>
  <datafield tag="505" ind1=" " ind2=" ">
    <subfield code="a">La codificaci&#xF3;n en el contexto jur&#xED;dico internacional
La globalizaci&#xF3;n, causa-efecto del comercio internacional
La Lex mercatoria en el nuevo orden internacional
Los organismos creadores del derecho mercantil internacional
Los instrumentos jur&#xED;dicos internacionales reguladores del comercio con vocaci&#xF3;n mundial</subfield>
  </datafield>
  <datafield tag="519" ind1=" " ind2=" ">
    <subfield code="a">Plan Flexible /</subfield>
    <subfield code="b">Maestr&#xED;a en Derecho Corporativo /</subfield>
    <subfield code="c">Derecho Mercantil Internacional (P09-3) /</subfield>
    <subfield code="d">(09 004752)</subfield>
  </datafield>
  <datafield tag="650" ind1="1" ind2="4">
    <subfield code="a">REGULACI&#xD3;N DEL COMERCIO EXTERIOR</subfield>
  </datafield>
  <datafield tag="650" ind1="2" ind2="4">
    <subfield code="a">DERECHO MERCANTIL</subfield>
  </datafield>
  <datafield tag="700" ind1=" " ind2=" ">
    <subfield code="a">Castrill&#xF3;n y Luna, V&#xED;ctor Manuel</subfield>
    <subfield code="e">autor</subfield>
  </datafield>
  <datafield tag="942" ind1=" " ind2=" ">
    <subfield code="c">LB</subfield>
  </datafield>
</record>
